Statistiken für Bundesligaquizz 2022/2023

Klicken Sie hier um das Quiz zu spielen!

Allgemein

  • Dieses Quiz wurde 115 mal gespielt
  • Das Durchschnittsergebnis liegt bei 4 aus 10

Antwortstatistiken

FrageAntwort% Korrekt
Wer war der älteste Spieler?Makoto Hasebe
79%
Welcher Feldspieler hat keine Minute verpasst ?Matthias Ginter
64%
Welcher Spieler hat die meisten Elfmeter verwandelt?Vincenzo Grifo
58%
Welche Mannschaft war die unfairste nach Punkten? Gelb=1 Punkt Gelb/Rot=3 Punkte Rot=5 PunkteAugsburg
50%
Wer war der jüngste Spieler?Paul Wanner
45%
Welcher Torwart hat die meisten Elfmeter gehalten?Manuel Riemann
38%
Welcher Spieler erzielte die meisten Auswärtstore?Marvin Ducksch
37%
Welcher Spieler hatte den größten Marktwertsprung in dieser Saison ? ( Prozentual )Denis Huseinbasic
31%
Welche Mannschaft hat die meisten Elfmeter bekommen?TSG Hoffenheim
12%
Welcher Verein hatte die wenigsten Zuschauer in 17 Heimspielen?Union Berlin
11%

Verteilung der Resultate

Perzentil nach korrekt beantworteten Fragen

Anzahl Personen mit jedem Resultat

Ihre Resultats-Entwicklung

Sie haben dieses Quiz noch nicht gespielt